| 000 | 01151nam a2200313Ia 4500 | ||
|---|---|---|---|
| 001 | Para_402 | ||
| 003 | CHAP | ||
| 008 | 220125s2000 xx 000 0 und d | ||
| 010 | _a199157 | ||
| 040 | _cCHAP | ||
| 090 | _aPA TESIS 1431 | ||
| 100 |
_aPoot Pech, Mario Antonio _990876 |
||
| 245 |
_aValidación de un hongo patógeno a la langosta Schistocerca piceifrons piceifrons (Walker 1870) (Orthoptera : _b Acrididae) bajo condiciones de campo en Estado de Campeche, México / _c por Mario Antonio Poot Pech |
||
| 260 |
_aChapingo, Méx. : _b el autor |
||
| 300 | _a80 h. | ||
| 502 | _aTesis (Ing. Agr. Esp. en Parasitología Agrícola) -- UACh. Departamento Parasitología Agrícola | ||
| 650 |
_aControl biológico de insectos _927582 |
||
| 650 |
_aControl de plagas _927595 |
||
| 650 |
_aLangosta como plaga _964759 |
||
| 650 |
_aPesticidas _x efecto en insectos _987550 |
||
| 710 |
_aUACh. Departamento Parasitología Agrícola _9164025 |
||
| 901 | _aPA TESIS 1431 | ||
| 902 | _aA | ||
| 905 | _a0000002000 an 0000000000 00 | ||
| 910 | _a2000 | ||
| 942 | _cPARA | ||
| 942 |
_cPARA _d1 |
||
| 999 |
_c199157 _d199157 |
||